Colombia, una nación de desequilibrios regionales : (Registro nro. 5123)
[ vista simple ]
| 000 -LEADER | |
|---|---|
| fixed length control field | 01035nam a2200241Ia 4500 |
| 003 - CONTROL NUMBER IDENTIFIER | |
| control field | OSt |
| 005 - DATE AND TIME OF LATEST TRANSACTION | |
| control field | 20200331111808.0 |
| 008 - FIXED-LENGTH DATA ELEMENTS--GENERAL INFORMATION | |
| fixed length control field | 191128s1989 ck gr 000 0 spa d |
| 020 ## - INTERNATIONAL STANDARD BOOK NUMBER | |
| International Standard Book Number | 9583331317 |
| 040 ## - CATALOGING SOURCE | |
| Original cataloging agency | CO-JMCR |
| Transcribing agency | CO-JMCR |
| 041 0# - LANGUAGE CODE | |
| Language code of text/sound track or separate title | spa |
| 082 04 - DEWEY DECIMAL CLASSIFICATION NUMBER | |
| Classification number | 320.9 / |
| Item number | Z811c |
| Edition number | 21 |
| 100 1# - MAIN ENTRY--PERSONAL NAME | |
| Personal name | Zuccardi, Piedad, |
| Relator term | autora |
| 9 (RLIN) | 2260 |
| 245 10 - TITLE STATEMENT | |
| Title | Colombia, una nación de desequilibrios regionales : |
| Remainder of title | análisis de políticas públicas / |
| Statement of responsibility, etc. | Piedad Zuccardi |
| 260 ## - PUBLICATION, DISTRIBUTION, ETC. | |
| Place of publication, distribution, etc. | Sincelejo : |
| Name of publisher, distributor, etc. | Asociados, |
| Date of publication, distribution, etc. | 1989 |
| 300 ## - PHYSICAL DESCRIPTION | |
| Extent | 307 páginas ; |
| Dimensions | 20 cm |
| 504 ## - BIBLIOGRAPHY, ETC. NOTE | |
| Bibliography, etc. note | Bibliografía: páginas 306-307 |
| 505 0# - FORMATTED CONTENTS NOTE | |
| Formatted contents note | La inversión nacional y la inequidad intrarregional -- Aprender de la historia -- El túnel de la línea y la desproporción utilitaria intrarregional -- La región Caribe: búsqueda de la autonomía con desarrollo social |
| 650 14 - SUBJECT ADDED ENTRY--TOPICAL TERM | |
| Topical term or geographic name entry element | Política económica |
| Geographic subdivision | Colombia |
| 9 (RLIN) | 2261 |
| 650 14 - SUBJECT ADDED ENTRY--TOPICAL TERM | |
| Topical term or geographic name entry element | Inversiones públicas |
| Geographic subdivision | Región Caribe (Colombia) |
| 9 (RLIN) | 2262 |
| 650 14 - SUBJECT ADDED ENTRY--TOPICAL TERM | |
| Topical term or geographic name entry element | Región Caribe |
| General subdivision | Condiciones económicas |
| Geographic subdivision | Colombia |
| 9 (RLIN) | 2263 |
| 942 ## - ADDED ENTRY ELEMENTS (KOHA) | |
| Source of classification or shelving scheme | Dewey Decimal Classification |
| Koha item type | Books |
| Withdrawn status | Lost status | Source of classification or shelving scheme | Damaged status | Not for loan | Collection code | Home library | Current library | Date acquired | Source of acquisition | Cost, normal purchase price | Total Checkouts | Full call number | Barcode | Date last seen | Copy number | Koha item type |
|---|---|---|---|---|---|---|---|---|---|---|---|---|---|---|---|---|
| Dewey Decimal Classification | Non-fiction | Biblioteca Pública José María del Castillo y Rada | Biblioteca Pública José María del Castillo y Rada | 04/15/2018 | Donación | 0.00 | 320.9 / Z811c | 430001334 | 05/16/2024 | Ej.1 | Books |